000
00277nam a22001097a 4500
008
170125b xxu||||| |||| 00| 0 eng d
020
_a
9780071476911
041
_a
eng
080
_2
17TH
_a
61
245
_a
HARRISON'S PRINCIPLES OF INTERNAL MEDICINE
_c
BRAUNWALD,
942
_2
udc
_c
BK
999
_c
3664
_d
3664